000 00463nab a2200145Ia 4500
003 ES-SlBCS
005 20210601124317.0
008 140529s1987 xxu||||| |||| 00| 0 eng d
041 _aeng
100 1 _aRussell, Thomas L.
_9139568
245 0 0 _aResearch, Practical Knowledge, and the Conduct of Teacher Education
_c Thomas L. Russell
650 0 4 _aEducación
_986687
773 0 _tEducational Theory
_gvol. 37, nº. 4, 1987, págs. 369-378
_wRev1399
942 _cAR
999 _c512738
_d512738